| 000 | 00521nam a2200193Ia 4500 | ||
|---|---|---|---|
| 005 | 20250508165510.0 | ||
| 008 | 008 250505s9999 xx 000 0 hin d | ||
| 020 | _a978-93-5046-227-0 | ||
| 037 | _aTextual | ||
| 040 |
_aFEDL _beng _cFEDL |
||
| 041 |
_ahin _2eng |
||
| 084 |
_a808.068, RAO _qFEDL |
||
| 100 |
_aRao Sandhya _9730538 |
||
| 245 | 0 | _aDekho Chaand! | |
| 260 |
_aChennai India _bTulika Publishers _c2004 |
||
| 365 |
_aINR _b70 |
||
| 942 |
_cTEXL _h808.068, RAO |
||
| 999 |
_c1395466 _d1395466 |
||